[Event "2. Bundesliga Mitte 2010/11"]
[Site "Feffernitz"]
[Date "2011.03.11"]
[Round "6"]
[Board "1"]
[White "Lenic, Luka"]
[Black "Tratar, Marko"]
[Result "1-0"]
[WhiteElo "2603"]
[BlackElo "2475"]
[PlyCount "57"]
[EventDate "2010.10.16"]
[EventType "team"]
[EventRounds "11"]
[EventCountry "AUT"]
[WhiteTeam "SV Raika Rapid Feffernitz"]
[BlackTeam "SK MPOE Maria Saal"]

1.d4 Nf6 2.c4 e6 3.g3 Bb4+ 4.Bd2 Bxd2+ 5.Qxd2 d5 6.Nf3 c6 7.Bg2 Nbd7 8.b3 b6
9.O-O Bb7 10.Nc3 O-O 11.Ne5 Qb8 12.Nxd7 Nxd7 13.e4 dxc4 14.bxc4 Ba6 15.e5 Bxc4
16.Bxc6 Bxf1 17.Rxf1 Qc8 18.Bxa8 Qxa8 19.Qe3 Rc8 20.a4 Qc6 21.Nb5 Qd5 22.Rc1 Rc4
23.Rxc4 Qxc4 24.Qf3 Qxa4 25.Nd6 f6 26.exf6 gxf6 27.Qg4+ Kf8 28.Qxe6 Kg7 29.h4 1-0

[Event "2. Bundesliga Mitte 2010/11"]
[Site "Feffernitz"]
[Date "2011.03.11"]
[Round "6"]
[Board "2"]
[White "Hartl, Daniel"]
[Black "Sebenik, Matej"]
[Result "0-1"]
[WhiteElo "2233"]
[BlackElo "2516"]
[PlyCount "86"]
[EventDate "2010.10.16"]
[EventType "team"]
[EventRounds "11"]
[EventCountry "AUT"]
[WhiteTeam "SK MPOE Maria Saal"]
[BlackTeam "SV Raika Rapid Feffernitz"]

1.d4 Nf6 2.c4 g6 3.g3 Bg7 4.Bg2 O-O 5.Nc3 d6 6.Nf3 Nc6 7.O-O a6 8.Qd3 Bd7 9.d5
Nb4 10.Qd1 a5 11.a3 Na6 12.e4 e5 13.Rb1 Nc5 14.Ne1 a4 15.f3 b6 16.Nd3 Nb3 17.Be3
Na5 18.b3 axb3 19.Nb2 h5 20.Ne2 Nh7 21.Nc1 f5 22.Nxb3 f4 23.Bd2 Nxb3 24.Qxb3
fxg3 25.hxg3 h4 26.g4 Bf6 27.Ra1 Bg5 28.Qc3 Bxd2 29.Qxd2 Qg5 30.Qe1 Qh6 31.Bh3
Ng5 32.Kg2 Rf7 33.a4 Raf8 34.Ra3 Rf4 35.Qc1 Nxh3 36.Nd3 Ng5 37.Nxf4 Rxf4 38.a5
bxa5 39.Rxa5 h3+ 40.Kh2 Rxf3 41.Ra8+ Kg7 42.Qe1 Bxg4 43.c5 Nxe4 0-1

[Event "2. Bundesliga Mitte 2010/11"]
[Site "Feffernitz"]
[Date "2011.03.11"]
[Round "6"]
[Board "3"]
[White "Diermair, Andreas"]
[Black "Ertl, Johann"]
[Result "1/2-1/2"]
[WhiteElo "2354"]
[BlackElo "2280"]
[PlyCount "77"]
[EventDate "2010.10.16"]
[EventType "team"]
[EventRounds "11"]
[EventCountry "AUT"]
[WhiteTeam "SV Raika Rapid Feffernitz"]
[BlackTeam "SK MPOE Maria Saal"]

1.Nf3 Nf6 2.c4 g6 3.g3 Bg7 4.Bg2 d6 5.d4 O-O 6.Nc3 Nc6 7.O-O a6 8.h3 Rb8 9.e4 b5
10.cxb5 axb5 11.Re1 b4 12.Nd5 e6 13.Nxf6+ Bxf6 14.Bh6 Re8 15.e5 Be7 16.Rc1 Bb7
17.Qc2 Ra8 18.d5 exd5 19.e6 f5 20.Qb3 Na5 21.Qxb4 Bf6 22.b3 c5 23.Qd2 d4 24.b4
cxb4 25.Nxd4 Bxg2 26.Kxg2 Qb6 27.Be3 b3 28.Nxb3 Nxb3 29.axb3 Qxb3 30.Qxd6 Qxe6
31.Qxe6+ Rxe6 32.Red1 Re7 33.Rc6 Bg7 34.h4 Rae8 35.Rdd6 Be5 36.Rd5 Re6 37.Rcc5
Bf6 38.Rd7 R6e7 39.Rxe7 1/2-1/2

[Event "2. Bundesliga Mitte 2010/11"]
[Site "Feffernitz"]
[Date "2011.03.11"]
[Round "6"]
[Board "4"]
[White "Sommer, Sonja"]
[Black "Novak, Pavel"]
[Result "0-1"]
[WhiteElo "2040"]
[BlackElo "2381"]
[PlyCount "62"]
[EventDate "2010.10.16"]
[EventType "team"]
[EventRounds "11"]
[EventCountry "AUT"]
[WhiteTeam "SK MPOE Maria Saal"]
[BlackTeam "SV Raika Rapid Feffernitz"]

1.e4 c5 2.c3 g6 3.d4 cxd4 4.cxd4 d5 5.exd5 Nf6 6.Nc3 Bg7 7.Bc4 O-O 8.h3 Nbd7
9.Nf3 Nb6 10.Bb3 Nbxd5 11.O-O b6 12.Re1 Bb7 13.Qe2 e6 14.Ne5 Rc8 15.Bd2 a6 16.a3
Qd6 17.Na2 Rfd8 18.Rad1 Rc7 19.Bg5 Rdc8 20.Qd2 b5 21.Re2 Qb6 22.Rde1 Re8 23.Nc1
a5 24.Nf3 a4 25.Ba2 b4 26.axb4 Nxb4 27.Bb1 Bxf3 28.gxf3 Rd8 29.Qd1 Qa7 30.Rd2
Rcd7 31.Ne2 Qa5 0-1

[Event "2. Bundesliga Mitte 2010/11"]
[Site "Feffernitz"]
[Date "2011.03.11"]
[Round "6"]
[Board "5"]
[White "Perhinig, Robert"]
[Black "Ramusch, Arnulf"]
[Result "1-0"]
[WhiteElo "2262"]
[BlackElo "1955"]
[PlyCount "67"]
[EventDate "2010.10.16"]
[EventType "team"]
[EventRounds "11"]
[EventCountry "AUT"]
[WhiteTeam "SV Raika Rapid Feffernitz"]
[BlackTeam "SK MPOE Maria Saal"]

1.d4 Nf6 2.c4 e6 3.Nc3 d5 4.cxd5 exd5 5.Qc2 g6 6.Bg5 Bg7 7.e3 c6 8.Bd3 Nbd7
9.Nge2 b5 10.O-O Nb6 11.f3 h6 12.Bh4 g5 13.Bf2 g4 14.Bh4 Qd7 15.Ng3 O-O 16.Nf5
Qe6 17.Qf2 Nc4 18.fxg4 Ne4 19.Qf4 Ncd2 20.Rfd1 Re8 21.Nxe4 Nxe4 22.Rf1 Bd7
23.Rf3 Bf8 24.Rh3 Qg6 25.Rf1 Rac8 26.Be1 Bxf5 27.gxf5 Qg5 28.Qf3 Kh7 29.Bh4 Qg8
30.f6 Bd6 31.Bg3 Rcd8 32.Bxd6 Rxd6 33.Qf4 Qf8 34.g4 1-0

[Event "2. Bundesliga Mitte 2010/11"]
[Site "Feffernitz"]
[Date "2011.03.11"]
[Round "6"]
[Board "6"]
[White "Stadler, Bruno"]
[Black "Rieger, Robert"]
[Result "0-1"]
[WhiteElo "1876"]
[BlackElo "2081"]
[PlyCount "82"]
[EventDate "2010.10.16"]
[EventType "team"]
[EventRounds "11"]
[EventCountry "AUT"]
[WhiteTeam "SK MPOE Maria Saal"]
[BlackTeam "SV Raika Rapid Feffernitz"]

1.b3 d5 2.Bb2 c5 3.e3 Nf6 4.Nf3 Nc6 5.Bb5 Bg4 6.h3 Bh5 7.O-O e6 8.d4 cxd4 9.exd4
Bd6 10.Nbd2 Ne4 11.g4 Bg6 12.Re1 h5 13.Nxe4 Bxe4 14.Ne5 Bxe5 15.dxe5 hxg4
16.Rxe4 dxe4 17.Qxg4 Qh4 18.Kg2 Qxg4+ 19.hxg4 O-O-O 20.Bxc6 bxc6 21.Re1 Rd2
22.Ba3 Rhd8 23.Bd6 Rxc2 24.Rxe4 Rxa2 25.Rb4 Rxd6 26.exd6 Ra6 27.Rf4 f6 28.g5 Kd7
29.gxf6 gxf6 30.Rxf6 Kxd6 31.Rf8 Rb6 32.Ra8 Rxb3 33.Rxa7 c5 34.Ra8 c4 35.Rc8 Kd5
36.Rd8+ Kc5 37.Rc8+ Kd4 38.Rd8+ Kc3 39.Re8 Rb6 40.Kf1 Kb2 41.Ke2 c3 0-1

[Event "2. Bundesliga Mitte 2010/11"]
[Site "Ansfelden"]
[Date "2011.03.11"]
[Round "6"]
[Board "1"]
[White "Flumbort, Andras"]
[Black "Weiss, Christian"]
[Result "1-0"]
[WhiteElo "2550"]
[BlackElo "2417"]
[PlyCount "53"]
[EventDate "2010.10.16"]
[EventType "team"]
[EventRounds "11"]
[EventCountry "AUT"]
[WhiteTeam "ASK St. Valentin"]
[BlackTeam "Union Ansfelden"]

1.d4 d5 2.c4 c6 3.Nf3 Nf6 4.Nc3 a6 5.a4 e6 6.Bg5 Bb4 7.e3 Nbd7 8.cxd5 exd5 9.Bd3
h6 10.Bh4 O-O 11.O-O a5 12.Ne5 Be7 13.f4 Ne8 14.Bg3 Bh4 15.Bxh4 Qxh4 16.Bc2 Nd6
17.Rb1 Nf6 18.f5 Nc4 19.Rf4 Qh5 20.g4 Qh3 21.Rf3 Qh4 22.Rg3 Qg5 23.Nxc4 dxc4
24.e4 Rd8 25.e5 Nd5 26.Ne4 Qf4 27.Qe2 1-0

[Event "2. Bundesliga Mitte 2010/11"]
[Site "Ansfelden"]
[Date "2011.03.11"]
[Round "6"]
[Board "2"]
[White "Ennsberger, Ulrich"]
[Black "Gonda, Laszlo"]
[Result "0-1"]
[WhiteElo "2365"]
[BlackElo "2550"]
[PlyCount "74"]
[EventDate "2010.10.16"]
[EventType "team"]
[EventRounds "11"]
[EventCountry "AUT"]
[WhiteTeam "Union Ansfelden"]
[BlackTeam "ASK St. Valentin"]

1.Nf3 d5 2.g3 c6 3.Bg2 Nf6 4.d3 Bg4 5.Nbd2 e6 6.h3 Bh5 7.e4 Be7 8.Qe2 Na6 9.O-O
Nc5 10.e5 Nfd7 11.d4 Na6 12.c4 O-O 13.a3 Nc7 14.b4 a5 15.b5 cxb5 16.cxb5 a4
17.Nb1 Nb6 18.Nc3 Bg6 19.Re1 Qd7 20.Nd2 Rfc8 21.Bb2 Ra5 22.Bf1 Nc4 23.Nxc4 dxc4
24.b6 Nd5 25.Nxd5 exd5 26.Bc3 Rb5 27.Bg2 Rxb6 28.f4 Rb3 29.Qd2 h5 30.Re3 Rxa3
31.Qe2 Rxa1+ 32.Bxa1 Rc6 33.g4 Bd3 34.Qd1 Rb6 35.Rxd3 cxd3 36.Qxd3 Rb3 37.Qc2
hxg4 0-1

[Event "2. Bundesliga Mitte 2010/11"]
[Site "Ansfelden"]
[Date "2011.03.11"]
[Round "6"]
[Board "3"]
[White "Sandhoefner, Florian"]
[Black "Knoll, Hermann"]
[Result "1/2-1/2"]
[WhiteElo "2243"]
[BlackElo "2382"]
[PlyCount "89"]
[EventDate "2010.10.16"]
[EventType "team"]
[EventRounds "11"]
[EventCountry "AUT"]
[WhiteTeam "ASK St. Valentin"]
[BlackTeam "Union Ansfelden"]

1.e4 e5 2.Nf3 Nc6 3.d4 exd4 4.Nxd4 Bc5 5.Nb3 Be7 6.Nc3 Nf6 7.a3 O-O 8.Be2 Re8
9.O-O d6 10.f4 Bf8 11.Bf3 Ne7 12.Be3 Ng6 13.g3 Bh3 14.Re1 Qc8 15.Kh1 c6 16.Qd2
h5 17.Rad1 h4 18.Nd4 Bg4 19.Qg2 Bxf3 20.Qxf3 Qh3 21.Bg1 hxg3 22.Qxg3 Qh6 23.f5
Ne5 24.Be3 Qh5 25.Bc1 Nfg4 26.Kg2 Be7 27.h3 Nf6 28.Nf3 Nfd7 29.Rd4 Kh8 30.Bf4
Rg8 31.Nxe5 Nxe5 32.Red1 f6 33.Bxe5 fxe5 34.Rxd6 Bxd6 35.Rxd6 Rad8 36.Qxe5 Qg5+
37.Kf3 Rxd6 38.Qxd6 Rd8 39.Qe5 Rd2 40.Qe8+ Kh7 41.Ne2 Rxc2 42.h4 Qf6 43.Nd4 Rxb2
44.e5 Qxh4 45.Qg6+ 1/2-1/2

[Event "2. Bundesliga Mitte 2010/11"]
[Site "Ansfelden"]
[Date "2011.03.11"]
[Round "6"]
[Board "4"]
[White "Felsberger, Alfred"]
[Black "Kranzl, Peter"]
[Result "1/2-1/2"]
[WhiteElo "2370"]
[BlackElo "2256"]
[PlyCount "90"]
[EventDate "2010.10.16"]
[EventType "team"]
[EventRounds "11"]
[EventCountry "AUT"]
[WhiteTeam "Union Ansfelden"]
[BlackTeam "ASK St. Valentin"]

1.e4 c6 2.d4 d5 3.e5 Bf5 4.Nd2 e6 5.Nb3 Nd7 6.Nf3 f6 7.Bf4 Ne7 8.exf6 gxf6 9.Bd3
Ng6 10.Bg3 Bxd3 11.Qxd3 Bh6 12.O-O Kf7 13.Rfe1 Re8 14.c4 dxc4 15.Qxc4 Nb6 16.Qc2
Qd5 17.Nc5 Re7 18.b3 Nc8 19.Rad1 Nd6 20.Ne5+ Kg7 21.Nxg6 hxg6 22.Re5 fxe5
23.dxe5 Nf5 24.Rxd5 cxd5 25.f4 Kf7 26.Nd3 Rd7 27.Bf2 Ne7 28.h4 Rc8 29.Qe2 b6
30.h5 Rg8 31.hxg6+ Rxg6 32.Kf1 Rc7 33.Qh5 Rc3 34.g4 Rxd3 35.f5 Rd1+ 36.Be1 exf5
37.gxf5 Nxf5 38.Qxf5+ Kg7 39.Ke2 Rd4 40.Bh4 Rg2+ 41.Kf3 Rf4+ 42.Qxf4 Bxf4
43.Kxg2 Bxe5 44.Kf3 Kf7 45.Ke2 Ke6 1/2-1/2

[Event "2. Bundesliga Mitte 2010/11"]
[Site "Ansfelden"]
[Date "2011.03.11"]
[Round "6"]
[Board "5"]
[White "Trauner, Rudolf"]
[Black "Moser, Guenter"]
[Result "0-1"]
[WhiteElo "2222"]
[BlackElo "2355"]
[PlyCount "88"]
[EventDate "2010.10.16"]
[EventType "team"]
[EventRounds "11"]
[EventCountry "AUT"]
[WhiteTeam "ASK St. Valentin"]
[BlackTeam "Union Ansfelden"]

1.c4 f5 2.g3 Nf6 3.Bg2 g6 4.Nc3 Bg7 5.e3 O-O 6.Nge2 d6 7.O-O c6 8.d4 e5 9.e4 Qe7
10.dxe5 dxe5 11.Qc2 Qf7 12.b3 Na6 13.Ba3 Re8 14.Rad1 f4 15.Rd3 g5 16.f3 Bf8
17.Qc1 Nc5 18.Rd2 Be6 19.Rfd1 a5 20.Rc2 h6 21.Na4 Nxa4 22.Bxf8 Qxf8 23.bxa4 Qc5+
24.Kh1 Rad8 25.gxf4 gxf4 26.Rg1 Kf7 27.Qe1 Rg8 28.Qh4 Qe3 29.Qe1 Qc5 30.Qc3 Rg5
31.Nc1 Nd7 32.Nb3 Qe7 33.Qxa5 Rdg8 34.Qe1 h5 35.Qh4 Qb4 36.Rd1 Nf6 37.Rdc1 Qxa4
38.Nc5 Qa3 39.Nxe6 Rxg2 40.Qh3 R2g6 41.Nc7 Qe3 42.Qf1 Rg1+ 43.Qxg1 Rxg1+ 44.Rxg1
Qxf3+ 0-1

[Event "2. Bundesliga Mitte 2010/11"]
[Site "Ansfelden"]
[Date "2011.03.11"]
[Round "6"]
[Board "6"]
[White "Hellmayr, Alois"]
[Black "Heimberger, Reinhard"]
[Result "1/2-1/2"]
[WhiteElo "2235"]
[BlackElo "2302"]
[PlyCount "43"]
[EventDate "2010.10.16"]
[EventType "team"]
[EventRounds "11"]
[EventCountry "AUT"]
[WhiteTeam "Union Ansfelden"]
[BlackTeam "ASK St. Valentin"]

1.c4 c5 2.Nc3 Nc6 3.g3 g6 4.Bg2 Bg7 5.Nf3 d6 6.d3 Nf6 7.O-O O-O 8.Bd2 h6 9.a3
Be6 10.Rb1 Rc8 11.b4 b6 12.Ne1 Qd7 13.Nc2 Kh7 14.Ne3 Bh3 15.Ncd5 Bxg2 16.Nxf6+
Bxf6 17.Kxg2 Bg7 18.Qa4 Ne5 19.Qb3 Nc6 20.Qa4 Ne5 21.Qb3 Nc6 22.Qa4 1/2-1/2

[Event "2. Bundesliga Mitte 2010/11"]
[Site "Ansfelden"]
[Date "2011.03.11"]
[Round "6"]
[Board "1"]
[White "Renner, Christoph"]
[Black "Nemeth, Miklos"]
[Result "1-0"]
[WhiteElo "2420"]
[BlackElo "2454"]
[PlyCount "77"]
[EventDate "2010.10.16"]
[EventType "team"]
[EventRounds "11"]
[EventCountry "AUT"]
[WhiteTeam "SPG Sauwald 1"]
[BlackTeam "SV Steyregg"]

1.e4 e5 2.Nf3 Nc6 3.Bc4 Bc5 4.O-O d6 5.c3 Qe7 6.Re1 Nf6 7.d3 h6 8.b4 Bb6 9.a4 a6
10.Ba3 g5 11.Nbd2 Ng4 12.Re2 Qf6 13.b5 Ne7 14.h3 h5 15.d4 Nh6 16.Nf1 g4 17.dxe5
dxe5 18.Rd2 O-O 19.N3h2 Re8 20.a5 Ba7 21.b6 gxh3 22.bxa7 hxg2 23.Ng3 h4 24.Nh5
Qg6 25.Rd8 Rxd8 26.Qxd8+ Kh7 27.Be2 Nc6 28.Qxh4 Be6 29.Rd1 f5 30.Nf6+ Kg7
31.Nh5+ Kg8 32.Rd3 f4 33.Qf6 Bf7 34.Rd7 Qxf6 35.Nxf6+ Kg7 36.Nhg4 Nxg4 37.Nxg4
Kg6 38.Rxc7 Rxa7 39.Bd6 1-0

[Event "2. Bundesliga Mitte 2010/11"]
[Site "Ansfelden"]
[Date "2011.03.11"]
[Round "6"]
[Board "2"]
[White "Gergacz, Attila"]
[Black "Testor, Sebastian"]
[Result "1-0"]
[WhiteElo "2425"]
[BlackElo "2365"]
[PlyCount "71"]
[EventDate "2010.10.16"]
[EventType "team"]
[EventRounds "11"]
[EventCountry "AUT"]
[WhiteTeam "SV Steyregg"]
[BlackTeam "SPG Sauwald 1"]

1.e4 e6 2.d4 d5 3.Nd2 Be7 4.Ngf3 Nf6 5.Bd3 c5 6.e5 Nfd7 7.c3 Nc6 8.O-O a5 9.a4
b6 10.Bb5 Bb7 11.Re1 Qc8 12.Nf1 Ba6 13.Ng3 cxd4 14.Bxc6 Qxc6 15.Nxd4 Qc4 16.Qg4
g6 17.Bh6 Bf8 18.Bg5 Bg7 19.b3 Nxe5 20.Qh4 Qxc3 21.Bf6 Rg8 22.Bxg7 Rxg7 23.Rac1
g5 24.Rxc3 gxh4 25.Nh5 Rg5 26.Nf6+ Kd8 27.f4 Nd3 28.Nc6+ Kc7 29.Ne5+ Kd6
30.Nxf7+ Ke7 31.Rc7+ Kxf6 32.fxg5+ Kf5 33.Nh6+ Kxg5 34.Rxe6 Rf8 35.Rg7+ Kh5
36.Nf7 1-0

[Event "2. Bundesliga Mitte 2010/11"]
[Site "Ansfelden"]
[Date "2011.03.11"]
[Round "6"]
[Board "3"]
[White "Taggatz, Mario"]
[Black "Webersberger, Johann"]
[Result "0-1"]
[WhiteElo "2331"]
[BlackElo "2368"]
[PlyCount "106"]
[EventDate "2010.10.16"]
[EventType "team"]
[EventRounds "11"]
[EventCountry "AUT"]
[WhiteTeam "SPG Sauwald 1"]
[BlackTeam "SV Steyregg"]

1.Nf3 b6 2.g3 Bb7 3.Bg2 g5 4.d3 g4 5.Nh4 Bxg2 6.Nxg2 Nc6 7.h3 gxh3 8.Rxh3 e6
9.Bd2 d5 10.c4 Qd7 11.cxd5 exd5 12.Nf4 Bd6 13.Rh2 d4 14.Na3 Bxa3 15.bxa3 Nce7
16.Qb3 Nf6 17.O-O-O Ned5 18.Rdh1 O-O-O 19.Qc4 Nxf4 20.Bxf4 Rhe8 21.e4 dxe3
22.fxe3 Nd5 23.Rc2 Nxf4 24.exf4 Re7 25.Rxh7 Qxd3 26.Qxd3 Rxd3 27.Rg2 Rxa3 28.Kb2
Rae3 29.g4 Kd7 30.f5 Re2+ 31.Rxe2 Rxe2+ 32.Kb3 Ke7 33.g5 Rf2 34.f6+ Ke6 35.a4
Rg2 36.Rg7 Rg4 37.Ka3 c5 38.Kb3 a6 39.Rg8 Kf5 40.Rg7 Ke6 41.Rg8 b5 42.a5 Rg3+
43.Kb2 b4 44.Ra8 Rxg5 45.Rxa6+ Kd5 46.Rb6 Rg2+ 47.Kb1 Kc4 48.Rc6 Kb5 49.Rc7 Rf2
50.Rxf7 Kxa5 51.Rf8 Ka4 52.Rc8 Kb5 53.Rb8+ Kc4 0-1

[Event "2. Bundesliga Mitte 2010/11"]
[Site "Ansfelden"]
[Date "2011.03.11"]
[Round "6"]
[Board "4"]
[White "Enoeckl, Philipp"]
[Black "Hiermann, Dietmar"]
[Result "1/2-1/2"]
[WhiteElo "2285"]
[BlackElo "2287"]
[PlyCount "60"]
[EventDate "2010.10.16"]
[EventType "team"]
[EventRounds "11"]
[EventCountry "AUT"]
[WhiteTeam "SV Steyregg"]
[BlackTeam "SPG Sauwald 1"]

1.d4 d5 2.c4 e6 3.Nc3 Nf6 4.Bg5 Be7 5.e3 O-O 6.Nf3 h6 7.Bh4 b6 8.cxd5 Nxd5
9.Bxe7 Qxe7 10.Nxd5 exd5 11.Qb3 Be6 12.Rc1 Rc8 13.Be2 c5 14.Qa3 Kf8 15.dxc5 bxc5
16.O-O Nd7 17.Rfd1 a5 18.Rd2 Rcb8 19.Qc3 Nf6 20.Rdc2 Bf5 21.Bd3 Bxd3 22.Qxd3 c4
23.Qd4 a4 24.Nd2 Rb5 25.h3 Rab8 26.e4 Nxe4 27.Nxe4 Qxe4 28.Qxe4 dxe4 29.Rxc4
Rxb2 30.Rxa4 Rb1 1/2-1/2

[Event "2. Bundesliga Mitte 2010/11"]
[Site "Ansfelden"]
[Date "2011.03.11"]
[Round "6"]
[Board "5"]
[White "Kirschner, Alexander"]
[Black "Kubinger, Thomas"]
[Result "1/2-1/2"]
[WhiteElo "2260"]
[BlackElo "2227"]
[PlyCount "60"]
[EventDate "2010.10.16"]
[EventType "team"]
[EventRounds "11"]
[EventCountry "AUT"]
[WhiteTeam "SPG Sauwald 1"]
[BlackTeam "SV Steyregg"]

1.c4 c6 2.Nc3 d5 3.e3 Nf6 4.d4 a6 5.Qc2 b5 6.b3 e6 7.Bd3 Nbd7 8.Nf3 Bb7 9.O-O
Qb8 10.Bb2 Bd6 11.h3 O-O 12.Rac1 Rc8 13.Qb1 h6 14.Rfe1 bxc4 15.bxc4 c5 16.cxd5
Nxd5 17.Nxd5 Bxd5 18.e4 Bc6 19.Qa1 Bf8 20.Rb1 Qa7 21.Bc3 Rab8 22.Rxb8 Rxb8
23.Rb1 Bb5 24.Bc2 Be2 25.Nd2 Rxb1+ 26.Nxb1 cxd4 27.Bxd4 Qc7 28.Nc3 Bc4 29.Qb2
Nc5 30.Nd1 Bb5 1/2-1/2

[Event "2. Bundesliga Mitte 2010/11"]
[Site "Ansfelden"]
[Date "2011.03.11"]
[Round "6"]
[Board "6"]
[White "Wiesinger, Robert"]
[Black "Niederwieser, Peter"]
[Result "1/2-1/2"]
[WhiteElo "2232"]
[BlackElo "2194"]
[PlyCount "78"]
[EventDate "2010.10.16"]
[EventType "team"]
[EventRounds "11"]
[EventCountry "AUT"]
[WhiteTeam "SV Steyregg"]
[BlackTeam "SPG Sauwald 1"]

1.e4 e6 2.d4 d5 3.Nc3 Nf6 4.Bg5 Be7 5.e5 Nfd7 6.Bxe7 Qxe7 7.f4 O-O 8.Nf3 c5
9.Qd2 Nc6 10.dxc5 Nxc5 11.Bd3 a6 12.O-O-O Rd8 13.Ne2 b5 14.Ned4 Nxd4 15.Nxd4 Bd7
16.Rde1 b4 17.Kb1 a5 18.g4 a4 19.f5 b3 20.cxb3 axb3 21.a3 Ra4 22.Qe3 Rda8
23.Rhf1 Nxd3 24.Qxd3 Rxa3 25.bxa3 Qxa3 26.Qxb3 Qa1+ 27.Kc2 Qxd4 28.Rd1 Qxd1+
29.Kxd1 Ba4 30.Rf3 Bxb3+ 31.Rxb3 h5 32.fxe6 fxe6 33.Rb6 Re8 34.gxh5 Kh7 35.Rb7
Kh6 36.Kd2 Ra8 37.Rb6 Re8 38.Rb7 Ra8 39.Rb6 Re8 1/2-1/2

[Event "2. Bundesliga Mitte 2010/11"]
[Site "Gleisdorf"]
[Date "2011.03.11"]
[Round "6"]
[Board "1"]
[White "Mohr, Georg"]
[Black "Karner, Christoph"]
[Result "0-1"]
[WhiteElo "2511"]
[BlackElo "2322"]
[PlyCount "58"]
[EventDate "2010.10.16"]
[EventType "team"]
[EventRounds "11"]
[EventCountry "AUT"]
[WhiteTeam "Strassenbahn Graz"]
[BlackTeam "ESV Austria Graz"]

1.c4 Nf6 2.Nc3 g6 3.g3 Bg7 4.Bg2 O-O 5.d3 d6 6.Bg5 h6 7.Bd2 e5 8.e4 c6 9.Nge2
Be6 10.O-O Na6 11.h3 d5 12.exd5 cxd5 13.d4 dxc4 14.dxe5 Nd5 15.Bxd5 Bxd5 16.Bxh6
Bxh6 17.Nxd5 Bg7 18.f4 Qa5 19.Nec3 Rfd8 20.Qf3 Nb4 21.Rad1 Nd3 22.b4 Qa6 23.Kh2
Rd7 24.Qe4 Rad8 25.b5 Qe6 26.Qxc4 Nb2 27.Nf6+ Qxf6 28.exf6 Nxc4 29.fxg7 Ne3 0-1

[Event "2. Bundesliga Mitte 2010/11"]
[Site "Gleisdorf"]
[Date "2011.03.11"]
[Round "6"]
[Board "2"]
[White "Kotz, Heinz Peter"]
[Black "Petre, Nad-Titus"]
[Result "1-0"]
[WhiteElo "2330"]
[BlackElo "2377"]
[PlyCount "99"]
[EventDate "2010.10.16"]
[EventType "team"]
[EventRounds "11"]
[EventCountry "AUT"]
[WhiteTeam "ESV Austria Graz"]
[BlackTeam "Strassenbahn Graz"]

1.e4 c5 2.c3 d5 3.exd5 Qxd5 4.d4 e6 5.Nf3 Nf6 6.Be3 cxd4 7.cxd4 Bd7 8.Bd3 Bb4+
9.Nc3 Bc6 10.O-O Qa5 11.Ne5 Bxc3 12.bxc3 Qxc3 13.Qb1 O-O 14.Rc1 Qa5 15.Nxc6 bxc6
16.Qb7 Nbd7 17.Qxc6 Nb6 18.Qc5 Qxc5 19.dxc5 Nbd5 20.Ba6 Nxe3 21.fxe3 Nd5 22.Rab1
Rab8 23.Bb7 Nc7 24.Rd1 g6 25.Rd7 Nd5 26.Rb3 Rbd8 27.Rxd8 Rxd8 28.Ra3 Nc7 29.Rxa7
Rd1+ 30.Kf2 Rc1 31.Bc6 Nd5 32.Be8 Rc2+ 33.Kf3 Kf8 34.Bxf7 Rc3 35.Ke4 Rc4+ 36.Kd3
Rxc5 37.Bxe6 Nc7 38.Bb3 Ke7 39.Ra4 Rh5 40.h3 Rg5 41.Rg4 Ra5 42.Rf4 Rg5 43.g4 h5
44.h4 Rb5 45.Rf7+ Kd8 46.g5 Rb4 47.Rf4 Rb6 48.Rf6 Rxf6 49.gxf6 Ke8 50.Ke4 1-0

[Event "2. Bundesliga Mitte 2010/11"]
[Site "Gleisdorf"]
[Date "2011.03.11"]
[Round "6"]
[Board "3"]
[White "Grunberg, Mihai-Lucian"]
[Black "Aschenbrenner, Robert"]
[Result "1-0"]
[WhiteElo "2414"]
[BlackElo "2229"]
[PlyCount "85"]
[EventDate "2010.10.16"]
[EventType "team"]
[EventRounds "11"]
[EventCountry "AUT"]
[WhiteTeam "Strassenbahn Graz"]
[BlackTeam "ESV Austria Graz"]

1.Nf3 d5 2.c4 dxc4 3.Qa4+ Nc6 4.g3 Be6 5.Bg2 f6 6.Nc3 Rb8 7.O-O a6 8.Rd1 b5
9.Qc2 Qd7 10.Ne4 Bf5 11.d4 cxd3 12.exd3 e5 13.Be3 Nb4 14.Qe2 Nd5 15.Rac1 Kf7
16.Neg5+ Ke8 17.Ba7 Rd8 18.Nxe5 fxe5 19.Qxe5+ Nge7 20.Bc5 h6 21.Re1 hxg5 22.Bxe7
Nxe7 23.Bc6 Kf7 24.Bxd7 Rxd7 25.Rxc7 Rxc7 26.Qxc7 Rh6 27.Re5 Be6 28.d4 Kg8
29.Rxg5 Bd5 30.Qd8 Bf3 31.d5 Nc6 32.dxc6 Rxc6 33.Qd2 Rd6 34.Qxd6 Bxd6 35.Rg6 Be5
36.Rxa6 Bxb2 37.Rb6 Be2 38.a4 Bd4 39.Rb8+ Kf7 40.axb5 Bf3 41.b6 Ke7 42.b7 Kd7
43.Rd8+ 1-0

[Event "2. Bundesliga Mitte 2010/11"]
[Site "Gleisdorf"]
[Date "2011.03.11"]
[Round "6"]
[Board "4"]
[White "Pfaffel, Thomas"]
[Black "Krebs, Johann"]
[Result "1/2-1/2"]
[WhiteElo "2193"]
[BlackElo "2234"]
[PlyCount "126"]
[EventDate "2010.10.16"]
[EventType "team"]
[EventRounds "11"]
[EventCountry "AUT"]
[WhiteTeam "ESV Austria Graz"]
[BlackTeam "Strassenbahn Graz"]

1.b3 Nf6 2.Bb2 g6 3.c4 Bg7 4.Nf3 O-O 5.g3 c5 6.Bg2 Nc6 7.O-O d6 8.Nc3 Bd7 9.h3
Rb8 10.d4 cxd4 11.Nxd4 Qa5 12.e3 Rfc8 13.Qe2 a6 14.Rfd1 Nxd4 15.Rxd4 b5 16.Qd3
bxc4 17.Rxc4 Rxc4 18.Qxc4 Rc8 19.Qd3 Qh5 20.g4 Qa5 21.Bb7 Rb8 22.Qxa6 Qg5 23.Qa7
Rf8 24.Bg2 h5 25.f4 Qh4 26.g5 Bxh3 27.gxf6 Qg3 28.Qb7 Qxe3+ 29.Kh1 Bxf6 30.Qf3
Bxg2+ 31.Kxg2 Qd2+ 32.Qe2 Bxc3 33.Qxd2 Bxd2 34.Kf3 Rc8 35.Bd4 f5 36.a4 Rb8
37.Rb1 Rb4 38.Be3 Bxe3 39.Kxe3 Kf7 40.a5 Ke6 41.Kd3 Kd7 42.Kc3 Rb8 43.b4 Kc6
44.Kc4 e5 45.fxe5 dxe5 46.Rg1 Rg8 47.Rd1 h4 48.b5+ Kc7 49.b6+ Kc6 50.Rb1 h3
51.a6 h2 52.b7 h1=Q 53.Rxh1 Kb6 54.Rb1+ Ka7 55.Kd5 e4 56.Ke6 e3 57.Kf7 Rb8
58.Kxg6 f4 59.Kf5 Rf8+ 60.Ke4 e2 61.Kf3 Re8 62.Kxf4 e1=Q 63.b8=Q+ Rxb8 1/2-1/2

[Event "2. Bundesliga Mitte 2010/11"]
[Site "Gleisdorf"]
[Date "2011.03.11"]
[Round "6"]
[Board "5"]
[White "Pesorda, Ivan"]
[Black "Spindelboeck, Gernot"]
[Result "1/2-1/2"]
[WhiteElo "2273"]
[BlackElo "2224"]
[PlyCount "131"]
[EventDate "2010.10.16"]
[EventType "team"]
[EventRounds "11"]
[EventCountry "AUT"]
[WhiteTeam "Strassenbahn Graz"]
[BlackTeam "ESV Austria Graz"]

1.d4 d5 2.c4 e6 3.Nc3 Nf6 4.Bg5 Be7 5.e3 h6 6.Bh4 O-O 7.Rc1 b6 8.cxd5 Nxd5
9.Nxd5 exd5 10.Bxe7 Qxe7 11.Be2 Be6 12.Bf3 Rc8 13.Ne2 Nd7 14.O-O Nf6 15.Nf4 c5
16.dxc5 Rxc5 17.Rxc5 Qxc5 18.Qc1 Rc8 19.Qxc5 Rxc5 20.Nd3 Rc2 21.Rc1 Rd2 22.Rd1
Rc2 23.Rc1 Rd2 24.Rd1 Rxd1+ 25.Bxd1 d4 26.a3 dxe3 27.fxe3 Kf8 28.Ne5 a5 29.Be2
Ke7 30.Nc4 Bxc4 31.Bxc4 Ng4 32.e4 f6 33.Be2 Ne5 34.Kf2 Kd6 35.Ke3 Kc5 36.h4 Nc4+
37.Bxc4 Kxc4 38.Kf4 Kb3 39.Kf5 b5 40.Kg6 Kxb2 41.Kxg7 Kxa3 42.Kxf6 b4 43.e5 b3
44.e6 b2 45.e7 b1=Q 46.e8=Q Qb6+ 47.Kf5 a4 48.Qe7+ Kb3 49.Qf7+ Kb2 50.Qg7+ Kb1
51.Qc3 Qf2+ 52.Ke6 Qc2 53.Qe1+ Ka2 54.g4 a3 55.g5 hxg5 56.hxg5 Qg6+ 57.Kd7 Qxg5
58.Qe2+ Kb3 59.Qd3+ Kb4 60.Qd4+ Kb3 61.Qd3+ Kb2 62.Qe2+ Kc3 63.Qf3+ Kb4 64.Qe4+
Ka5 65.Qa8+ Kb4 66.Qe4+ 1/2-1/2